Identifikácia a návrh riešení problémov súvisiacich s implementáciou informačného systému v podniku bakalárska práca

Saved in:
Bibliographic Details
Main Author: Klimek, Adam
Corporate Author: Fakulta podnikového manažmentu EU. Katedra informačného manažmentu
Other Authors: Bodiš, Miloš
Format: Book
Language:Slovak
Published: Bratislava 2013
Tags: Add Tag
No Tags, Be the first to tag this record!

MARC

LEADER 00000nbm a2200000 4500
001 0173037
005 20161109112134.2
041 0 |a slo 
044 |a SK 
245 1 0 |a Identifikácia a návrh riešení problémov súvisiacich s implementáciou informačného systému v podniku  |b bakalárska práca  |c Adam Klimek ; školiteľ: Miloš Bodiš 
264 1 |a Bratislava  |c 2013 
300 |a 46 s. 
100 1 |a Klimek, Adam 
700 1 |a Bodiš, Miloš 
710 2 |a Fakulta podnikového manažmentu EU. Katedra informačného manažmentu